000 nam a22 7a 4500
999 _c9396
_d9396
008 180129b ||||| |||| 00| 0 eng d
100 _aWestwood,P.
_95624
245 _aTeaching Methods
260 _aAustralia
_bACER
_c2008